The wind in the willows / (Record no. 177319)

MARC details
000 -LEADER
fixed length control field 00933nam a22002177a 4500
005 - DATE AND TIME OF LATEST TRANSACTION
control field 20210406161725.0
010 ## - LCCN (DPL NO)
LC control number B-739345-347 B-739702
020 ## - INTERNATIONAL STANDARD BOOK NUMBER
International Standard Book Number 9789389136500
Terms of availability 295.00
035 ## - SYSTEM CONTROL NUMBER
System control number B-739345-347
035 ## - SYSTEM CONTROL NUMBER
System control number B-739702
037 ## - SOURCE OF ACQUISITION
Source of stock number/acquisition Niyogi Books
082 ## - DEWEY DECIMAL CLASSIFICATION NUMBER
Classification number S
100 ## - MAIN ENTRY--PERSONAL NAME
Personal name Grahame, Kenneth
245 ## - TITLE STATEMENT
Title The wind in the willows /
Statement of responsibility, etc by Kenneth Grahame
260 ## - PUBLICATION, DISTRIBUTION, ETC. (IMPRINT)
Place of publication, distribution, etc New Delhi
Name of publisher, distributor, etc Niyogi Books
Date of publication, distribution, etc 2020
270 ## - ADDRESS
Address Block D, Building No. 77, Okhla Industrial Area, Phase-I
City New Delhi
Postal code 110020
300 ## - PHYSICAL DESCRIPTION
Extent 295p.
Dimensions 19cm(Hb)
942 ## - ADDED ENTRY ELEMENTS (KOHA)
Source of classification or shelving scheme Dewey Decimal Classification
Item type Children Books
Call number suffix GRA
Classification part S
Holdings
Withdrawn status Lost status Not for loan Collection code Home library Current library Date acquired Source of acquisition Cost, normal purchase price Full call number Barcode Copy number Cost, replacement price Koha item type Public note
      Fiction Central Library Central Library 06/04/2021 Gift/Eng/05-04-2021 295.00 S GRA B-739702 1 295.00 Children Books Gift
      Fiction Mobile Library Mobile Library 23/03/2021 Niyogi Books/NB/2020-21/2263/03-03-2021/31/03-03-2021/15-03-2021 295.00 S GRA B-739345 3 295.00 Children Books  
      Fiction Mobile Library Mobile Library 23/03/2021 Niyogi Books/NB/2020-21/2263/03-03-2021/31/03-03-2021/15-03-2021 295.00 S GRA B-739346 3 295.00 Children Books  
      Fiction Mobile Library Mobile Library 23/03/2021 Niyogi Books/NB/2020-21/2263/03-03-2021/31/03-03-2021/15-03-2021 295.00 S GRA B-739347 3 295.00 Children Books  

© Delhi Public Library
Hit Counter
free hit counter